00317nam a22001097a 450000500170000002000180001708200160003510000230005124500730007426000490014730000110019620260225123201.0 a9789370673854 a631.5 STE.S aSteward, Alexander aSmart farming technologies for sustainable agricultural department / aAnsari road :bPinakin publishing , cc2026. a288 p.